• 首页
  • 本馆介绍
  • 公告通知
  • 最新文献
  • 馆藏检索
  • 电子资源
  • 读者导购
  • 参考咨询
  • 我的图书馆
  • 登录
  • 详细信息显示
  • 放入我的书架
  • 预约/预借图书
  • 作者相关作品
  • 分类相关作品
  • 丛书相关作品
  • 出版社相关作品

书目信息

  • 表格格式
  • 工作单格式
  • 卡片格式
题名:
工程流体力学
    
 
作者: 夏泰淳 主编 ;上海市教育委员会 组编
分册:  
出版信息: 上海   上海交通大学出版社  2006
页数: 277页
开本: 26cm
丛书名:
单 册:
中图分类: TB126
科图分类:
主题词: 工程力学--流体力学--高等学校--教材 , 工程力学 , 流体力学
电子资源:
ISBN: 7-313-04293-0
000 01029nam0 2200277 450
001 012007854315
005 20070516172250.68
010    @a7-313-04293-0@dCNY31.00
100    @a20070508d2006 km y0chiy0120 ea
101 0  @achi
102    @aCN@b310000
105    @aa z 000yy
106    @ar
200 1  @a工程流体力学@Agong cheng liu ti li xue@f夏泰淳主编@Fxia tai chun zhu bian@g上海市教育委员会组编@Gshang hai shi jiao yu wei yuan hui zu bian
210    @a上海@c上海交通大学出版社@d2006
215    @a277页@c图@d26cm
330    @a本教材主要内容有:绪论、流体静力学、流体运动学、理想流体动力学、平面势流理论、水波理论、黏性流体动力学、圆管中的流动、边界层理论、一维气体动力学基础。
510 1  @aEngineering fluid mechanics@zeng
606 0  @a工程力学@x流体力学@x高等学校@j教材
606 0  @a工程力学
606 0  @a流体力学
690    @aTB126@v4
701  0 @a夏泰淳@Axia tai chun@4主编
712 02 @a上海市教育委员会@Ashang hai shi jiao yu wei yuan hui@4组编
801  0 @aCN@bRULIN@c20070516
905    @dTB126@e129@s5
    
    工程流体力学/夏泰淳主编/上海市教育委员会组编.-上海:上海交通大学出版社,2006
    277页:图;26cm
    
    
    ISBN 7-313-04293-0:CNY31.00
    本教材主要内容有:绪论、流体静力学、流体运动学、理想流体动力学、平面势流理论、水波理论、黏性流体动力学、圆管中的流动、边界层理论、一维气体动力学基础。
●
相关链接 在E读中查询图书 在五车中查询图书 在当当中查询图书 在豆瓣中查询图书


正题名:工程流体力学     索取号:TB126/129         预约/预借

序号 登录号 条形码 馆藏地/架位号 状态 备注
1 0572159   205721593   第二样本阅览室/ [索取号:TB126/129] 在馆    
2 0572160   205721600   第三借阅区/ [索取号:TB126/129] 在馆    
3 0572161   205721619   第三借阅区/ [索取号:TB126/129] 在馆    
4 0572162   205721628   第三借阅区/ [索取号:TB126/129] 在馆    
5 0572163   205721637   第三借阅区/ [索取号:TB126/129] 在馆    
唐山师范学院图书馆 欢迎您!
大连网信软件有限公司© 版权所有